Normal view
MARC view
- E. C. S. Wade, G. G. Phillips
Entry Personal Name
001 - CONTROL NUMBER
- control field: 4785
003 - CONTROL NUMBER IDENTIFIER
- control field: OSt
005 - DATE AND TIME OF LATEST TRANSACTION
- control field: 20221024005832.0
008 - FIXED-LENGTH DATA ELEMENTS
- fixed length control field: 221024|| aca||aabn | a|a d
040 ## - CATALOGING SOURCE
- Original cataloging agency: OSt
- Transcribing agency: OSt
100 ## - HEADING--PERSONAL NAME
- Personal name: E. C. S. Wade, G. G. Phillips
670 ## - SOURCE DATA FOUND
- Source citation: Work cat.: (OSt)1722: Wade E. C. S. 4784, English Constitutional Law :
